assessment of farmer's adoption of principles and techniques of ecological system of rice intensification case study in baphnom and kampongtrorbek district, preybeng (ការវាយតំលៃនូវការទទួលយករបស់កសិករនូវបច្ចេកទេសប្រព័ន្ធប្រពលវប្បកម្មស្រូវតាមគោលការណ៍ធម្មជាតិ ករណីសិក្សានៅស្រុកបាភ្នំ និង​ កំពង់ត្របែក ខេត្តព្រៃវែង) (Record no. 472)

000 -LEADER
fixed length control field 00939nam a22001577a 4500
003 - CONTROL NUMBER IDENTIFIER
control field OSt
005 - DATE AND TIME OF LATEST TRANSACTION
control field 20150915102600.0
008 - FIXED-LENGTH DATA ELEMENTS--GENERAL INFORMATION
fixed length control field 150915b xxu||||| |||| 00| 0 eng d
040 ## - CATALOGING SOURCE
Transcribing agency RUA
082 ## - DEWEY DECIMAL CLASSIFICATION NUMBER
Classification number AGR UM 2002 B027 Or.1
100 ## - MAIN ENTRY--PERSONAL NAME
9 (RLIN) 492
Personal name UM, RITHY.
245 ## - TITLE STATEMENT
Title assessment of farmer's adoption of principles and techniques of ecological system of rice intensification case study in baphnom and kampongtrorbek district, preybeng (ការវាយតំលៃនូវការទទួលយករបស់កសិករនូវបច្ចេកទេសប្រព័ន្ធប្រពលវប្បកម្មស្រូវតាមគោលការណ៍ធម្មជាតិ ករណីសិក្សានៅស្រុកបាភ្នំ និង​ កំពង់ត្របែក ខេត្តព្រៃវែង)
260 ## - PUBLICATION, DISTRIBUTION, ETC. (IMPRINT)
Place of publication, distribution, etc. Phnom Penh
Name of publisher, distributor, etc. RUA
Date of publication, distribution, etc. 2002
300 ## - PHYSICAL DESCRIPTION
Extent 46p.
Other physical details ill.
Dimensions 29cm.
942 ## - ADDED ENTRY ELEMENTS (KOHA)
Source of classification or shelving scheme
Koha item type AGR
Holdings
Price effective from Date last seen Permanent Location Not for loan Date acquired Source of classification or shelving scheme Koha item type Lost status Withdrawn status Date last checked out Total Checkouts Shelving location Damaged status Barcode Current Location Full call number
2015-09-152015-09-15Library Block B 2015-09-15 AGR    B027 RUA002820Library Block BAGR UM 2002 B027 Or.1
2015-09-152015-09-15Library Block B 2015-09-15 AGR    B027 RUA002748Library Block BAGR UM 2002 B027 Or.2
2015-09-152015-09-15Library Block B 2015-09-15 AGR    B027 RUA002676Library Block BAGR UM 2002 B027 Or.3
2015-09-152015-09-15Library Block B 2015-09-15 AGR    B027 RUA002533Library Block BAGR UM 2002 B027 Or.4
2015-09-152015-09-15Library Block B 2015-09-15 AGR    B027 RUA002749Library Block BAGR UM 2002 B027 Or.5
2015-09-152016-06-08Library Block B 2015-09-15 AGR  2016-05-021B027 RUA002821Library Block BAGR UM 2002 B027 Or.6
មជ្ឈមណ្ឌលឯការនៃសាកលវិទ្យាល័យភូមិន្ទកសិកម្មចំការដូង

Powered by Koha